000 01120 a2200241 4500
001 273
005 20260407155418.0
008 260407a2009 arg spa d
003 AR-UNSa-BCEJYS
040 _aAR-UNSa-BCEJYS
_bspa
_cAR-UNSa-BCEJYS
080 _a342.9
_xDerecho Administrativo
245 1 0 _aDerecho Administrativo
_plibro en homenje al Profesor Doctor Julio Rodolfo Comadira
020 _a978-950-894-741-3
264 1 _aBuenos Aires :
_bAD-HOC
_c2009
300 _axv, 1357 p.
_c23 cm
505 _a1. Derecho administrativo y principio de juridicidad - 2. Acto administrativo - 3. Contratos administrativos - 4. Procedimiento administrativo y proceso contencioso - 5. Servicios públicos - 6. Empleo público - 7. Responsabilidad del estado y del funcionario público - 8. Control público y organización administrativa
041 _aspa
942 _cBK
590 _aniveau_biblio:m niveau_hierar:0
100 1 _aIvanega, Miriam Mabel
700 1 _aComadira, Julio Pablo
856 4 1 _uhttps://biblioeco.unsa.edu.ar/pmb/images/libros/Derecho Administrativo2-l117808.jpg
_yImagen de portada
_qimage/jpeg
999 _c184
_d184